| 000 | 02245 a2200241 4500 | ||
|---|---|---|---|
| 001 | 29273 | ||
| 005 | 20260407155601.0 | ||
| 008 | 260407a1975 arg spa d | ||
| 003 | AR-UNSa-BCEJYS | ||
| 040 |
_aAR-UNSa-BCEJYS _bspa _cAR-UNSa-BCEJYS |
||
| 080 |
_a340 _xDerecho. Generalidades. Propedéutica. Métodos y ciencias auxiliares del derecho |
||
| 245 | 1 | 0 |
_aIntroducción al derecho _pnociones preliminares, teoría general, enciclopedia jurídica, historia de las ideas |
| 250 | _a9a. ed. | ||
| 264 | 1 |
_aBuenos Aires : _bCooperadora de Derecho y Ciencias Sociales _c1975 |
|
| 300 |
_a1019 p. _c23 cm. |
||
| 505 | _a1. El conocimiento científico y filosófico. Los objetos y su clasificación. Los objetos de cultura. La conducta y los valores - 2. Objeto y método del conocimiento jurídico - 3. Disciplinas que estudian el fenómeno jurídico - 4. Las normas jurídicas - 5. El comportamiento humano (conducta) y su regulación normativa: técnica y ética. Derecho y moral - 6. La valoración jurídica. La justicia - 7. Los conceptos jurídicos fundamentales. La positividad - 8. El ordenamiento jurídico - 9. Derecho subjetivo - 10. Las fuentes del derecho. La Ley - 11. Las fuentes del derecho en particular (cont.). La costumbre y la jurisprudencia - 12. Transformaciones temporales del derecho. La técnica jurídica - 13. El método jurídico y el problema de la interpretación - 14. Aplicación de la Ley en relación al territorio y al tiempo - 15. Derecho público y privado. Las ramas del derecho. El derecho internacional público. El derecho internacional privado - 16. Derecho político. Derecho constitucional. Derecho Administrativo. Derecho financiero - 17. El derecho penal. El derecho canónico - 18. Derecho civil y comercial - 19. Derecho social, derecho rural o agrario y derecho de minería - 20. Derecho procesal - 21. Historia del pensamiento juridico occidental hasta el siglo XIX - 22. Historia del pensamiento jurídico occidental (continuación) - 23. Historia del pensamiento jurídico occidental (continuación) | ||
| 041 | _aspa | ||
| 942 | _cBK | ||
| 590 | _aniveau_biblio:m niveau_hierar:0 | ||
| 100 | 1 | _aAftalion, Enrique R. | |
| 700 | 1 | _aGarcía Olano, Fernando | |
| 700 | 1 | _aVilanova, José | |
| 999 |
_c1825 _d1825 |
||